| 000 | 01024nam a2200241 a 4500 | ||
|---|---|---|---|
| 003 | AM-YeHGA | ||
| 005 | 20250618075018.0 | ||
| 008 | 181027s1952 ru |||||r|||||000|1|rus|| | ||
| 040 | _aAM-YeHGA | ||
| 041 | 1 |
_arus _hund |
|
| 100 | 1 | _aВолков, Арсий | |
| 245 | 1 | 0 |
_aКсения : _bПьеса в 4-х действиях, 8-ми картинах / _cАрсий Волков ; Пер. с марийск. А. Успенского. |
| 260 |
_aМосква : _bИскусство, _c1952. |
||
| 300 |
_a72 с. ; _c20 cм. |
||
| 490 | 1 | _aРепертуар театральной самодеятельности | |
| 650 | 1 | 4 |
_aХудожественная литература _94918 |
| 650 | 1 | 4 | _aМарийская литература |
| 653 | 0 | _aРепертуар театральной самодеятельности | |
| 700 | 1 |
_aУспенский, А. _eпер. _4trl |
|
| 830 | 0 | _aРепертуар театральной самодеятельности | |
| 942 |
_2udc _cBK |
||
| 090 | _c424047 | ||
| 999 |
_c421633 _d421633 |
||